000 00320nam a22001457a 4500
008 230403b ||||| |||| 00| 0 eng d
020 _a9780385421942
041 _aeng
080 _a159.9
082 _a159.9CRO
100 _a25
101 _aPSI
245 _aON THR EDGE OF DARKNESS
_cCRONKITE.K
942 _2udc
_cBK
999 _c59492
_d59492